000 01023cam a22002894a 4500
001 13435472
003 OSt
005 20150408113748.0
008 031216s2005 njua 001 0 eng
010 _a 2003069045
020 _a0131121553 (pbk.)
040 _aDLC
_cDLC
_dDLC
042 _apcc
050 0 0 _aQA76.3
_b.R447 2005
082 0 0 _a005.268
_222
100 1 _aRegan, Patrick E.
_98451
245 1 0 _aAcing the Linux+ certification exam /
_cPatrick Regan.
250 _a1st ed.
260 _aUpper Saddle River, NJ :
_bPearson Prentice Hall,
_c2005.
300 _axxii, 637 p. :
_bill. ;
_c28 cm. +
_e4 CD-ROMs (4 3/4 in.)
500 _aIncludes index.
630 0 0 _aLinux.
_94734
650 0 _aElectronic data processing personnel
_xCertification.
650 0 _aOperating systems (Computers)
_xExaminations
_vStudy guides.
_94778
942 _2ddc
_cBOOK
999 _c3697
_d238197